Every Men's Wimbledon Quarter Finalist - Statistics

General Stats
  • This quiz has been taken 65 times
  • The average score is 60 of 188
Answer Stats
# Player % Correct
10 Andy Murray
96%
9 John McEnroe
96%
14 Novak Djokovic
96%
8 Rafael Nadal
96%
18 Roger Federer
96%
1 André Sá
93%
7 Andre Agassi
89%
9 Pete Sampras
89%
8 Björn Borg
87%
3 Rod Laver
82%
14 Jimmy Connors
80%
3 Arthur Ashe
78%
11 Boris Becker
78%
1 Carlos Alcaraz
78%
7 Stefan Edberg
78%
1 Daniil Medvedev
76%
5 Lleyton Hewitt
75%
3 Stan Smith
75%
7 Goran Ivanišević
71%
8 Tim Henman
71%
2 Nick Kyrgios
69%
5 Andy Roddick
67%
7 Ivan Lendl
67%
2 Stanislas Wawrinka
67%
2 Jim Courier
65%
2 Juan Martín del Potro
65%
3 Mats Wilander
64%
3 Patrick Rafter
64%
2 David Ferrer
62%
2 Jannik Sinner
62%
2 Marat Safin
62%
4 Pat Cash
62%
4 Marin Čilić
60%
4 Ilie Năstase
58%
1 John Isner
56%
4 Jo-Wilfried Tsonga
56%
1 Gustavo Kuerten
55%
2 Guillermo Vilas
53%
4 John Newcombe
53%
2 Juan Carlos Ferrero
53%
1 Kevin Anderson
53%
1 Matteo Berrettini
53%
4 Milos Raonic
53%
1 Michael Chang
51%
4 Michael Stich
51%
3 Richard Krajicek
51%
5 Tomáš Berdych
49%
2 David Nalbandian
47%
2 Richard Gasquet
47%
3 Jan Kodeš
45%
1 Yevgeny Kafelnikov
45%
2 David Goffin
44%
1 Cameron Norrie
42%
1 Greg Rusedski
42%
3 Ken Rosewall
42%
4 Vitas Gerulaitis
42%
1 Grigor Dimitrov
40%
1 Roberto Bautista Agut
40%
1 Holger Rune
38%
2 Kei Nishikori
38%
1 Billy Martin
36%
3 Feliciano López
36%
1 MaliVai Washington
36%
4 Mark Philippoussis
36%
1 Petr Korda
36%
1 Robin Söderling
36%
5 Roscoe Tanner
36%
1 Taylor Fritz
36%
1 Thomas Johansson
36%
4 Todd Martin
36%
1 Tommy Haas
36%
1 Fernando González
35%
4 Cédric Pioline
33%
1 Manuel Orantes
33%
4 Tony Roche
33%
1 Andrey Rublev
31%
1 Denis Shapovalov
31%
1 Fernando Verdasco
31%
3 Kevin Curren
31%
1 Xavier Malisse
31%
1 Adriano Panatta
29%
1 Byron Black
29%
1 Mardy Fish
29%
2 Roger Taylor
29%
1 Roy Emerson
29%
1 Brian Teacher
25%
1 Félix Auger-Aliassime
25%
1 Gilles Müller
25%
1 Gilles Simon
25%
3 Henri Leconte
25%
1 Hubert Hurkacz
25%
1 Ivo Karlović
25%
2 Johan Kriek
25%
2 Marcos Baghdatis
25%
1 Chris Lewis
24%
1 Karen Khachanov
24%
3 Mario Ančić
24%
3 Sam Querrey
24%
1 Todd Woodbridge
24%
1 Bernard Tomic
22%
1 Radek Štěpánek
22%
5 Tom Okker
22%
2 Anders Järryd
20%
1 Andrés Gómez
20%
2 Jonas Björkman
20%
1 Christopher Eubanks
18%
3 Guy Forget
18%
1 Jerzy Janowicz
18%
1 Mark Edmondson
18%
1 Mikhail Youzhny
18%
2 Miloslav Mečíř
18%
1 Philipp Kohlschreiber
18%
6 Tim Mayotte
18%
1 Andrés Gimeno
16%
1 Brad Gilbert
16%
2 Florian Mayer
16%
2 Gene Mayer
16%
1 Rainer Schüttler
16%
3 Sandy Mayer
16%
1 Thomas Enqvist
16%
2 Vijay Amritraj
16%
3 Alex Metreveli
15%
2 Brian Gottfried
15%
1 Cristian Garín
15%
1 Jarkko Nieminen
15%
1 Lucas Pouille
15%
1 Phil Dent
15%
3 Raúl Ramírez
15%
3 Sébastien Grosjean
15%
1 Wojciech Fibak
15%
1 Łukasz Kubot
13%
1 Márton Fucsovics
13%
1 Nicolas Kiefer
13%
1 Peter Fleming
13%
1 Peter McNamara
13%
1 Wayne Ferreira
13%
1 Bill Scanlon
11%
1 Charlie Pasarell
11%
1 Nicolás Lapentti
11%
1 Ramesh Krishnan
11%
1 Robert Lutz
11%
2 Slobodan Živojinović
11%
1 Vasek Pospisil
11%
1 Arnaud Clément
9%
1 Butch Buchholz
9%
2 Colin Dibley
9%
1 David Wheaton
9%
1 Dick Stockton
9%
1 Guido Pella
9%
1 Jan-Michael Gambill
9%
1 Jason Stoltenberg
9%
1 Nicolas Escudé
9%
2 Onny Parun
9%
1 Paul Annacone
9%
1 Ray Moore
9%
1 Rod Frawley
9%
1 Tim Gullikson
9%
1 Vladimir Voltchkov
9%
1 Cliff Drysdale
7%
1 Cliff Richey
7%
1 Roman Safiullin
7%
1 Shuzo Matsuoka
7%
3 Sjeng Schalken
7%
1 Tomáš Šmíd
7%
3 Clark Graebner
5%
1 Dan Goldie
5%
1 Davide Sanguinetti
5%
1 Dennis Ralston
5%
1 Heinz Günthardt
5%
1 Jacco Eltingh
5%
1 Jan Siemerink
5%
1 John Sadri
5%
1 Lu Yen-hsun
5%
1 Mel Purcell
5%
1 Pat DuPré
5%
1 Patrik Kühnen
5%
1 Ricardo Acuña
5%
1 Thierry Champion
5%
1 Tom Gorman
5%
2 Alexander Popp
4%
1 Alex Rădulescu
4%
1 Bob Carmichael
4%
1 Brad Pearce
4%
1 Byron Bertram
4%
2 Christian Bergström
4%
1 Ismail El Shafei
4%
1 Jürgen Fassbender
4%
1 Paul Chamberlin
4%
No matching quizzes found
Score Distribution
Percent of People with Each Score
Percentile by Number Answered
Your Score History
You have not taken this quiz